Documento expedido a Don Antonio Borja y Don Joseph Manuel de Vera y Saldivar (Record no. 4872)

MARC details
000 -CABECERA
campo de control de longitud fija 01371nam a2200301 a 4500
001 - NÚMERO DE CONTROL
campo de control BRCA_5178
005 - FECHA Y HORA DE LA ÚLTIMA TRANSACCIÓN
campo de control 20190320204955.0
008 - DATOS DE LONGITUD FIJA--INFORMACIÓN GENERAL
campo de control de longitud fija 241110m17501751mx-######v---#000-0#spa-#
041 ## - CÓDIGO DE LENGUA
Código de lengua del texto/banda sonora o título independiente spa
044 ## - CÓDIGO DEL PAÍS DE LA ENTIDAD EDITORA/PRODUCTORA
Código MARC del país mx
084 ## - OTRO NÚMERO DE CLASIFICACIÓN
Número de clasificación DOC129
Número de documento/Ítem .B67
-- 1750
100 1# - ENTRADA PRINCIPAL--NOMBRE DE PERSONA
Nombre de persona Borja, Antonio
9 (RLIN) 13242
245 10 - MENCIÓN DE TÍTULO
Título Documento expedido a Don Antonio Borja y Don Joseph Manuel de Vera y Saldivar
Mención de responsabilidad, etc. Don Antonio Borja y Don Joseph Manuel de Vera y Saldivar.
260 ## - PUBLICACIÓN, DISTRIBUCIÓN, ETC.
Lugar de publicación, distribución, etc. México
Fecha de publicación, distribución, etc. 1750-1751
300 ## - DESCRIPCIÓN FÍSICA
Extensión [4] fojas
Dimensiones 31 x 21 cm
500 ## - NOTA GENERAL
Nota general Documento expedido en 1750-1751
500 ## - NOTA GENERAL
Nota general Libramiento expedido a favor de Don Antonio Borja y Don Joseph Manuel de Vera y Saldivar
500 ## - NOTA GENERAL
Nota general El documento contiene la leyenda DOC. #297
500 ## - NOTA GENERAL
Nota general Al margen sello con escudo español e inscripción que dice: SELLO QUARTO. UN QUARTILLO. AÑOS DE MIL SETECIENTOS Y CINQUENTA Y CINQUENTA Y UNO
500 ## - NOTA GENERAL
Nota general Estado de conservación: contiene manchas de acido y los márgenes maltratados
506 0# - NOTA DE RESTRICCIONES AL ACCESO
Limitaciones de acceso Fondo reservado: para su consulta es necesario credencial de usuario y carta de motivos
546 ## - NOTA DE LENGUA/LENGUAJE
Nota de lengua/lenguaje Texto en: español de mediados del siglo XVIII
600 14 - PUNTO DE ACCESO ADICIONAL DE MATERIA--NOMBRE DE PERSONA
Nombre de persona Borja, Antonio
9 (RLIN) 13242
650 14 - PUNTO DE ACCESO ADICIONAL DE MATERIA--TÉRMINO DE MATERIA
Término de materia o nombre geográfico como elemento de entrada Documentos legales
Subdivisión de forma Impreso con rúbricas
Subdivisión general Historia
Subdivisión cronológica Colonia, 1521-1821
Subdivisión geográfica México
9 (RLIN) 13243
700 1# - PUNTO DE ACCESO ADICIONAL--NOMBRE DE PERSONA
Nombre de persona Vera y Saldivar, Joseph Manuel de
9 (RLIN) 13244
902 ## - CATALOGADOR
Iniciales FDH
942 ## - ELEMENTOS DE PUNTO DE ACCESO ADICIONAL (KOHA)
Fuente del sistema de clasificación o colocación Library of Congress Classification
Tipo de ítem Koha Documentos
Holdings
Estado de retiro Estado de pérdida Estado dañado No para préstamo Localización permanente Ubicación/localización actual Fecha de adquisición Total de préstamos Signatura topográfica completa Código de barras Fecha visto por última vez Precio válido a partir de Tipo de ítem Koha
El ejemplar forma parte de la colección y puede ser consultado según las políticas vigentes.       Biblioteca del Museo Franz Mayer (Rogerio Casas-Alatriste) Biblioteca del Museo Franz Mayer (Rogerio Casas-Alatriste) 24/11/2010   DOC129 .B67 1750 5575 22/03/2019 22/03/2019 Documentos